Gaming Quiz

Random Gaming Quiz
Score 0/14 Timer 05:00
0 Plays Today
Hint Map % Correct
Nuclear testing grounds. Lots of fast paced action.Nuketown
94%
Battle at the launch pad of this cosmodrome. Perfect for any game mode.Launch
81.4%
Military practice facility. Hectic Domination games.Firing Range
81%
Great vertical gameplay along a river valley in Vietnam.Jungle
79.1%
Research facility on a snowy mountain. Fight from all angles.Summit
78.1%
Cuban city. An abundance of tactical street fights.Havana
74.6%
Snow covered landscape. Good for snipers and long range firefights.Array
72.9%
Hint Map % Correct
Fight in the infamous prison camp. Fierce Capture the Flag matches.Hanoi
67.4%
Abandoned Soviet base. Perfect for team gamesWMD
65.7%
Cuban estate. Good corridors for long range firefights.Villa
59.3%
Streets of Vietnam. Close engagements in and out of war-torn buildings.Cracked
55.9%
Uranium processing plant. Excellent objective gameplay.Radiation
55.4%
Hidden missile facility in Cuba. Intense indoor and outdoor battles.Crisis
51.6%
Soviet intelligence station. Fantastic Headquarters matches.Grid
50.4%
Remove Ads.
Support Sporcle.
Get the best of Sporcle when you Go Orange. This ad-free experience offers more features, more stats, and more fun while also helping to support Sporcle. Thank you for becoming a member.

You're not logged in!

Compare scores with friends on all Sporcle quizzes.
OR
Log In

Show Comments

Extras

Created Nov 19, 2010ReportNominate
Tags:Call of Duty

Top Quizzes Today


Score Distribution

Your Account Isn't Verified!

In order to create a playlist on Sporcle, you need to verify the email address you used during registration. Go to your Sporcle Settings to finish the process.

Report this User

Report this user for behavior that violates our Community Guidelines.

Details: